Niederdeutsche madonnen ein bilderwerk mit 120 tafeln / (Record no. 59057)

MARC details
000 -LEADER
campo de control de longitud fija 00535nam a2200169 i 4500
001 - NÚMERO DE CONTROL
campo de control 59057
003 - IDENTIFICADOR DE NÚMERO DE CONTROL
campo de control ES-MaACL
005 - FECHA Y HORA DE LA ÚLTIMA TRANSACCIÓN
campo de control 20230906163942.0
007 - CAMPO FIJO DE DESCRIPCIÓN FÍSICA--INFORMACIÓN GENERAL
campo de control de longitud fija t|
008 - DATOS DE LONGITUD FIJA--INFORMACIÓN GENERAL
campo de control de longitud fija 031027s1940 ddr ||||1| ger d
100 1# - ENTRADA PRINCIPAL--NOMBRE DE PERSONA
Nombre de persona Ehrhardt, Alfred.
9 (RLIN) 46789
245 10 - MENCIÓN DEL TÍTULO
Título Niederdeutsche madonnen ein bilderwerk mit 120 tafeln /
Mención de responsabilidad, etc. von Alfred Ehrhardt ; beschrieben von Hans Wentzel.
260 ## - PUBLICACIÓN, DISTRIBUCIÓN, ETC.
Lugar de publicación, distribución, etc. Hamburgo :
Nombre del editor, distribuidor, etc. Ellermann,
Fecha de publicación, distribución, etc. 1940.
300 ## - DESCRIPCIÓN FÍSICA
Extensión XXXVIII, 120 lám. ;
Dimensiones 30 cm.
700 1# - ENTRADA AGREGADA--NOMBRE PERSONAL
Nombre de persona Wentzel, Hans.
9 (RLIN) 116492
852 ## - LOCALIZACIÓN
Ubicación ES-MaACL
Número de control de estantería F-15376
Sublocalización o colección R.19078
Holdings
Estatus retirado Estado de pérdida Estado de daño No para préstamo Biblioteca de origen Biblioteca actual Ubicación en estantería Fecha de adquisición Fuente de adquisición Total de préstamos Signatura topográfica completa Código de barras Visto por última vez Precio de reemplazo Tipo de ítem Koha
        Biblioteca del Ateneo de Madrid Biblioteca del Ateneo de Madrid Sala Pecera Planta 2 17/01/2008     F-15376 1061948 23/02/2023 23/02/2023 Libro impreso